| 000 | 00579nam a2200217 4500 | ||
|---|---|---|---|
| 003 | OSt | ||
| 005 | 20240722082348.0 | ||
| 006 | a | ||
| 008 | 240722b |||||||| |||| 00| 0 eng d | ||
| 020 | _a9780745643267 | ||
| 040 |
_aDWCL-Main lib. _cOC |
||
| 082 | _aCirc. 302.54 B347a 2008 | ||
| 100 | _aBauman, Zygmunt | ||
| 245 | _aThe art of life / | ||
| 260 |
_aUK: _bPolity Press, _cc2008. |
||
| 300 |
_b142 p. ; _c23 cm. |
||
| 504 | _aIncludes bibliographical references and index. | ||
| 650 | _a1. Individualism. | ||
| 650 | _a2. Life. | ||
| 942 |
_2ddc _n0 _cBK-CIRC _kCirc. |
||
| 999 |
_c2551 _d2551 |
||